000 00508nam a2200205 a 4500
001 BS0000942
003 BR-BrBNA
005 20231023151352.0
008 230308b |||||||| |||| 00| 0 por d
040 _aBR-BrBNA
_bpor
_cBiblioteca Nacional de Agricultura
041 _apor
072 _aS89
090 _aS89
_bBS0000942
100 1 _aRabley, Stephen.
245 1 _aFlying home /
260 3 _aEngland:
_bLongman,
_c1994.
300 _a16 p.
650 _aLITERATURA INFANTO-JUVENIL
942 _cBK
_2AGRIS
999 _c6000
_d6000